| 000 | 01172nam0a22002891 4500 | ||
|---|---|---|---|
| 001 | rc\514295 | ||
| 005 | 20030616164957.8 | ||
| 010 |
_a5-256-00130-2 _96500 |
||
| 035 | _a(NLR Aleph) 005754075 | ||
| 090 |
_a4870609 _c4870609 |
||
| 100 | _a20030616d1988 u |0rusy50 ca | ||
| 101 | 0 | _arus | |
| 102 | _aRU | ||
| 105 | _aa ||||||||| | ||
| 200 | 1 |
_aМОП-СБИС. Моделирование элементов и технологических процессов _e[Сб. лекций] _fПод ред. П. Антонетти и др. _gПеревод с англ. В.Л. Кустова и др. _gПод ред. Р.А.Суриса |
|
| 210 |
_aМ. _cРадио и связь _d1988 |
||
| 215 |
_a495, [1] с. _cил. _d22 |
||
| 300 | _aПеревод изд.: Process and device simulation for MOS-VLSI circuits (Boston etc., 1983) | ||
| 320 | _aБиблиогр.: с. 491 | ||
| 320 | _aБиблиогр. в конце лекций | ||
| 702 | 1 |
_aАнтонетти _bП. _4340 |
|
| 702 | 1 |
_aСурис _bР. А. _gРоберт Арнольдович _4340 |
|
| 801 | 0 |
_aRU _bNLR _gpsbo |
|
| 801 | 1 |
_aRU _bELAR _2rusmarc |
|
| 852 |
_aNLR _j88-5/6904 |
||
| 942 | _cBOOK | ||
| 980 | _aNB | ||